| 000 | 00584nam a22002177a 4500 | ||
|---|---|---|---|
| 003 | OSt | ||
| 005 | 20220107122814.0 | ||
| 008 | 160520b xxu||||| |||| 00| 0 eng d | ||
| 020 | _a9781292061351 | ||
| 040 | _cIIITMK | ||
| 082 | _a005.43 STA/O | ||
| 100 |
_aStallings, William _99677 |
||
| 245 |
_aOperating systems: _bInternals and design principles _cWilliam Stallings |
||
| 250 | _a8 | ||
| 260 |
_aBoston, _bPearson, _c2015. |
||
| 300 | _a763p. | ||
| 650 |
_aCOMPUTER SCIENCE _99678 |
||
| 650 |
_aOPERATING SYSTEMS _99679 |
||
| 650 |
_aEMBEDDED SYSTEMS _99680 |
||
| 942 |
_2ddc _cBK |
||
| 999 |
_c5203 _d5203 |
||